|
|
|
|
| LEADER |
02457nam a2200445 i 4500 |
| 001 |
39696 |
| 003 |
BD-DhAAL |
| 005 |
20220925153553.0 |
| 008 |
220925r20202019cc a 001 0 eng d |
| 999 |
|
|
|c 44606
|d 44606
|
| 010 |
|
|
|a 2020301334
|
| 020 |
|
|
|a 9789352139163
|
| 020 |
|
|
|a 9781492046530
|
| 040 |
|
|
|a DLC
|b eng
|e rda
|c DLC
|d BD-DhAAL
|
| 042 |
|
|
|a pcc
|
| 050 |
0 |
0 |
|a QA76.9.V5
|b H54 2019
|
| 082 |
0 |
4 |
|a 005.16
|2 23
|
| 100 |
1 |
|
|a Burns, Brendan,
|d 1976-
|e author.
|9 51590
|
| 245 |
1 |
0 |
|a Kubernetes up & running :
|b dive into the future of infrastructure /
|c Brendan Burns, Joe Beda and Kelsey Hightower.
|
| 246 |
1 |
4 |
|a Kubernetes up and running
|
| 250 |
|
|
|a Second edition.
|
| 264 |
|
1 |
|a Beijing [China] ;
|a Boston [MA] :
|b O'Reilly Media,
|c 2019 [reprinted 2020].
|
| 300 |
|
|
|a xviii, 255 pages :
|b illustrations ;
|c 24 cm.
|
| 500 |
|
|
|a Includes index.
|
| 505 |
0 |
|
|a Introduction -- Creating and running containers -- Deploying a Kubernetes cluster -- Common kubectl commands -- Pods -- Labels and annotations -- Service discovery -- ReplicaSets -- DaemonSets -- Jobs -- ConfigMaps and secrets -- Deployments -- Integrating storage solutions and Kubernetes -- Deploying real-world applications -- Building a Raspberry Pi Kubernetes cluster.
|
| 526 |
|
|
|a CSE
|
| 541 |
|
|
|a Book Finder International
|e 39696, 39697, 39698
|
| 650 |
|
0 |
|a Application software
|x Development
|x Automation.
|9 51591
|
| 650 |
|
0 |
|a Software maintenance.
|9 51592
|
| 650 |
|
0 |
|a Computer software
|x Installation.
|9 51593
|
| 650 |
|
0 |
|a Virtual computer systems.
|9 51594
|
| 650 |
|
0 |
|a Open source software.
|9 51595
|
| 650 |
|
0 |
|a Computer science.
|9 51596
|
| 700 |
1 |
|
|a Beda, Joe,
|d 1975-
|e author.
|9 51597
|
| 700 |
1 |
|
|a Hightower, Kelsey,
|d 1981-
|e author.
|9 51598
|
| 852 |
|
|
|a Ayesha Abed Library
|c General Stacks
|
| 942 |
|
|
|2 ddc
|c BK
|
| 952 |
|
|
|0 0
|1 0
|2 ddc
|4 0
|6 005_160000000000000_BUR
|7 0
|9 71839
|a BRACUL
|b BRACUL
|c GEN
|d 2022-09-11
|e Book Finder International
|g 1081.18
|l 2
|m 13
|o 005.16 BUR
|p 3010039697
|r 2024-09-23
|s 2024-03-13
|t 2
|v 1081.18
|w 2022-09-11
|y BK
|
| 952 |
|
|
|0 0
|1 0
|2 ddc
|4 0
|6 005_160000000000000_BUR
|7 0
|9 71840
|a BRACUL
|b BRACUL
|c GEN
|d 2022-09-11
|e Book Finder International
|g 1081.18
|l 3
|m 42
|o 005.16 BUR
|p 3010039698
|q 2026-06-02
|r 2025-10-18
|s 2025-10-18
|t 3
|v 1081.18
|w 2022-09-11
|y BK
|
| 952 |
|
|
|0 0
|1 0
|2 ddc
|4 0
|6 005_160000000000000_BUR
|7 0
|9 71841
|a BRACUL
|b BRACUL
|c GEN
|d 2022-09-11
|e Book Finder International
|g 1081.18
|l 2
|m 8
|o 005.16 BUR
|p 3010039696
|r 2024-05-30
|s 2024-02-18
|t 1
|v 1081.18
|w 2022-09-11
|y BK
|